| 000 | 01543cam a22002895a 4500 | ||
|---|---|---|---|
| 001 | L145864 | ||
| 002 | 17631 | ||
| 008 | 081117s2008 xxk f v 001 0 eng d | ||
| 020 | _a9781842194331 | ||
| 035 | _a(Sirsi) u145864 | ||
| 041 | 0 | _aeng | |
| 050 | 0 | 4 | _a692.8 $2 18 |
| 100 | 1 | _aBaker, Ellis | |
| 245 | 0 | 0 |
_aCase in point _btendering and procurement in construction |
| 260 |
_aCoventry _bRICS Books _c2008 |
||
| 300 |
_axx, 164 p. _b21 cm. |
||
| 350 | _a28.50 | ||
| 490 | 0 | _aRICS Case in Point Series | |
| 505 | 2 | _aPreface -- Introduction -- List of Acts, statutory instruments and abbreviations -- Table of cases -- 1: Preparation/contract planning -- 2:Tender process -- 3: Award of contract -- 4: Contents of contract -- 5: Collaborative working arrangements -- Index | |
| 520 | _aExamines through cases the procurement and tendering process. Describes the issues rising from the different stages of tendering and procurement and provides advice on the best ways to avoid them. Presents the scope of the European union regime on procurement. Discusses the mutual obligations of the parties during the tendering process, including the tendering contract. Provides summaries of cases and helps to understand the decisions of the courts. Includes cases on two-stage tendering, target cost contracts, partnering, collaboration, target cost contracts, and issues of good faith. | ||
| 521 | _aAdvanced | ||
| 590 | _aKA | ||
| 651 | 4 |
_aUnited Kingdom _y |
|
| 690 |
_aProcurement _96260 |
||
| 700 | _aChampion, Ronan | ||
| 942 | _n0 | ||
| 999 |
_c108953 _d108953 |
||